The atmospheres of Mars and Venus (Record no. 2649)

MARC details
000 -LEADER
fixed length control field 00695nam a2200217Ia 4500
003 - CONTROL NUMBER IDENTIFIER
control field IN-BaIIA
008 - FIXED-LENGTH DATA ELEMENTS--GENERAL INFORMATION
fixed length control field 211028s9999 xx 000 0 eng d
040 ## - CATALOGING SOURCE
Transcribing agency IIA Library
080 ## - UNIVERSAL DECIMAL CLASSIFICATION NUMBER
Universal Decimal Classification number 523.42:43
Item number THE
100 ## - MAIN ENTRY--PERSONAL NAME
Personal name Kellog, William W.
9 (RLIN) 4725
245 #4 - TITLE STATEMENT
Title The atmospheres of Mars and Venus
Statement of responsibility, etc. William Welch Kellogg
260 ## - PUBLICATION, DISTRIBUTION, ETC.
Place of publication, distribution, etc. Washington
Name of publisher, distributor, etc. National Academy of Sciences
Date of publication, distribution, etc. 1961
300 ## - PHYSICAL DESCRIPTION
Extent vi, 151p.
490 ## - SERIES STATEMENT
Series statement National Academy of Sciences : National Research Council Publication
650 ## - SUBJECT ADDED ENTRY--TOPICAL TERM
Topical term or geographic name entry element Astronomy and astrophysics thesaurus
650 ## - SUBJECT ADDED ENTRY--TOPICAL TERM
Topical term or geographic name entry element Atmosphere - Mars
9 (RLIN) 4726
650 ## - SUBJECT ADDED ENTRY--TOPICAL TERM
Topical term or geographic name entry element Atmosphere - Venus
9 (RLIN) 4727
650 ## - SUBJECT ADDED ENTRY--TOPICAL TERM
Topical term or geographic name entry element Planet Mars
9 (RLIN) 1263
700 ## - ADDED ENTRY--PERSONAL NAME
Personal name Sagan, Carl
9 (RLIN) 4728
942 ## - ADDED ENTRY ELEMENTS (KOHA)
Koha item type Books
Holdings
Withdrawn status Lost status Damaged status Not for loan Home library Current library Shelving location Date acquired Cost, normal purchase price Total Checkouts Full call number Barcode Date last seen Cost, replacement price Price effective from Koha item type Purchase Price
        IIA Library-Bangalore IIA Library-Bangalore General Stacks 13/04/1966 22.50   523.42:43/ THE 2955 05/11/2021 22.50 13/04/1966 Books Rs. 22.50

Powered by Koha